Perspectivas internacionales en planificacion familiar (folleto) /

Guardado en:
Autor Principal: Alan Guttmacher Institute
Formato: Libro
Publicado: New York : The Alan Guttmacher Institute, 1995
Materias:
Fc
Etiquetas: Agregar Etiqueta
Sin Etiquetas, Sea el primero en etiquetar este registro!
LEADER 00513nam a22001695a 4500
001 CEM.cems009164
005 20060214000000.0
008 130507s1995##################000#0#####d
003 CEMS
082 0 4 |a F312 
100 1 |a Alan Guttmacher Institute 
245 1 0 |a Perspectivas internacionales en planificacion familiar (folleto) / 
260 |a New York :  |b The Alan Guttmacher Institute,  |c 1995 
300 |a 41 p. 
653 |a Fc 
653 |a Planificacion familiar 
859 |a CEMS  |b BIB. CEMS - 11 de abril  |h F312  |i 6  |p 1456.44  |t Ej.1